[Event "Foment Martinenc op-B 24th"]
[Site "Barcelona"]
[Date "2024.06.08"]
[Round "8"]
[White "Campoy Prades, Marc"]
[Black "Cantero, Walter Milciades"]
[Result "1-0"]
[WhiteElo "1792"]
[BlackElo "1748"]
[PlyCount "58"]
[EventDate "2024.04.20"]
[EventType "swiss"]
[EventRounds "9"]
[EventCountry "ESP"]
[SourceTitle "CBM 220 Extra"]
[Source "ChessBase"]
[SourceDate "2024.07.31"]
[SourceVersion "1"]
[SourceVersionDate "2024.07.31"]
[SourceQuality "1"]

1. e4 d5 2. exd5 Qxd5 3. Nf3 Bg4 4. Nc3 Qa5 5. h3 Bh5 6. Be2 Nf6 7. 0-0 e6 8. b3 Nbd7 9. Bb2 Bd6 10. Nb5 Be7 11. a4 c6 12. Na3 g5 13. Nc4 Qc7 14. Nfe5 Bxe2 15. Qxe2 h5 16. Rfe1 0-0-0 17. Nxf7 g4 18. Qxe6 Kb8 19. Nxh8 gxh3 20. Qxh3 Bb4 21. c3 Ng4 22. Qg3 Nde5 23. cxb4 Nf3+ 24. gxf3 Qxg3+ 25. fxg3 Nh6 26. Re6 Nf5 27. Rae1 b5 28. Re8 Kc7 29. Rxd8 Kxd8 1-0

[Event "Foment Martinenc op-B 24th"]
[Site "Barcelona"]
[Date "2024.05.04"]
[Round "3"]
[White "Argente Cuerda, Jordi"]
[Black "Campoy Prades, Marc"]
[Result "1-0"]
[WhiteElo "1897"]
[BlackElo "1792"]
[PlyCount "133"]
[EventDate "2024.04.20"]
[EventType "swiss"]
[EventRounds "9"]
[EventCountry "ESP"]
[SourceTitle "CBM 220 Extra"]
[Source "ChessBase"]
[SourceDate "2024.07.31"]
[SourceVersion "1"]
[SourceVersionDate "2024.07.31"]
[SourceQuality "1"]

1. e4 c5 2. Nc3 Nc6 3. g3 e5 4. Bg2 Nf6 5. d3 a6 6. f4 Bd6 7. f5 b5 8. Nf3 Qb6 9. Be3 Ng4 10. Nd5 Nxe3 11. Nxb6 Nxd1 12. Nxa8 Ne3 13. Kf2 Nxg2 14. Nb6 Bb7 15. Kxg2 Ne7 16. c4 Bc7 17. Nd5 Nxd5 18. cxd5 f6 19. a3 0-0 20. Rhc1 d6 21. b4 Bb6 22. bxc5 Bxc5 23. Rc2 a5 24. Nd2 a4 25. Kf3 Bc8 26. Rxc5 dxc5 27. Rc1 Bd7 28. Rxc5 Kf7 29. Ke3 Ke7 30. d4 Kd6 31. Rc1 g6 32. dxe5+ fxe5 33. g4 gxf5 34. gxf5 Rg8 35. Rf1 Rc8 36. Kd3 b4 37. Nc4+ Kc5 38. axb4+ Kxb4 39. Rb1+ Kc5 40. Na3 Rg8 41. Rc1+ Kb4 42. Nc2+ Ka5 43. Ne3 Bb5+ 44. Kd2 Kb4 45. Rc7 a3 46. Nc2+ Ka5 47. Nxa3 Rg2+ 48. Kc3 Rxh2 49. Nxb5 Kxb5 50. Kb3 Rh3+ 51. Rc3 Rh4 52. Re3 Kc5 53. Kc3 Rh6 54. Rf3 Ra6 55. Kd3 Ra3+ 56. Ke2 Ra7 57. Rd3 Ra6 58. Ke3 h5 59. d6 Rxd6 60. Rxd6 Kxd6 61. Kf3 Kc5 62. Kg3 h4+ 63. Kxh4 Kd4 64. f6 Kxe4 65. f7 Kd3 66. f8Q e4 67. Kg3 1-0

[Event "Foment Martinenc op-B 22nd"]
[Site "Barcelona"]
[Date "2022.06.18"]
[Round "9"]
[White "Cavalle Sanchez, Arnau"]
[Black "Campoy Prades, Marc"]
[Result "0-1"]
[WhiteElo "1444"]
[BlackElo "1744"]
[PlyCount "90"]
[EventDate "2022.04.23"]
[EventType "swiss"]
[EventRounds "9"]
[EventCountry "ESP"]
[SourceTitle "EXT 2023"]
[Source "ChessBase"]
[SourceDate "2022.10.05"]
[SourceVersion "1"]
[SourceVersionDate "2022.10.05"]
[SourceQuality "1"]

1. e4 c5 2. Nf3 Nc6 3. d4 cxd4 4. Nxd4 g6 5. Nc3 Bg7 6. Be3 d6 7. Qd2 Nf6 8. f3 Bd7 9. 0-0-0 Nxd4 10. Qxd4 0-0 11. Qd2 a6 12. Bh6 b5 13. Bxg7 Kxg7 14. Nd5 Nxd5 15. exd5 Rc8 16. g4 f5 17. Qd4+ Kg8 18. h4 Qc7 19. Bd3 Qc5 20. Qxc5 Rxc5 21. h5 Rxd5 22. Bc4 bxc4 23. Rxd5 Bc6 24. Rd4 Bxf3 25. Rf1 fxg4 26. hxg6 h5 27. Kd2 d5 28. Ke3 Kg7 29. c3 Rf6 30. Kf2 Rb6 31. Rd2 Kxg6 32. Kg3 Kg5 33. Rh2 h4+ 34. Rxh4 Rxb2 35. Rh2 Rxh2 36. Kxh2 Kf4 37. Rb1 Ke3 38. Rb6 Kd3 39. Rxa6 Kxc3 40. a4 d4 41. Ra7 Kb4 42. a5 d3 43. a6 d2 44. Rb7+ Kc3 45. Rd7 d1Q 0-1

[Event "Foment Martinenc op-B 20th"]
[Site "Barcelona"]
[Date "2018.05.12"]
[Round "4"]
[White "Campoy Prades, Marc"]
[Black "Serrano Batova, Vicent"]
[Result "0-1"]
[WhiteElo "1764"]
[BlackElo "1593"]
[PlyCount "88"]
[EventDate "2018.04.21"]
[EventType "swiss"]
[EventRounds "9"]
[EventCountry "ESP"]
[SourceTitle "CBM 184 Extra"]
[Source "ChessBase"]
[SourceDate "2018.06.28"]
[SourceVersion "1"]
[SourceVersionDate "2018.06.28"]
[SourceQuality "1"]

1. e4 c5 2. f4 Nc6 3. Nf3 g6 4. Bc4 Bg7 5. c3 e6 6. 0-0 Nge7 7. Bb3 0-0 8. Ng5 h6 9. Nh3 b6 10. Bc2 Bb7 11. f5 exf5 12. exf5 Nxf5 13. Bxf5 gxf5 14. Rxf5 d5 15. d3 Qd7 16. Qf1 d4 17. c4 Nb4 18. Rf2 Rae8 19. a3 Nc6 20. Bf4 Ne5 21. Nd2 Ng4 22. Re2 Ne3 23. Bxe3 dxe3 24. Nf3 Qxd3 25. Rc1 Ba6 26. Nf4 Qe4 27. Nd2 exd2 28. Rxe4 dxc1Q 29. Qxc1 Rxe4 30. b3 Bd4+ 31. Kf1 Rfe8 32. Nd3 R8e6 33. g3 Rf6+ 34. Nf4 Be3 35. Qe1 Bb7 36. Qc3 Kg7 37. b4 Bxf4 38. gxf4 Rexf4+ 39. Ke2 cxb4 40. axb4 Kf8 41. Qa1 Rf2+ 42. Kd3 R6f3+ 43. Kd4 Rd2+ 44. Ke5 f6+ 0-1

[Event "Foment Martinenc op-B 17th"]
[Site "Barcelona"]
[Date "2015.06.06"]
[Round "7"]
[White "Campoy Prades, Marc"]
[Black "Perez Garcia, Adria"]
[Result "1/2-1/2"]
[WhiteElo "1981"]
[BlackElo "2052"]
[PlyCount "33"]
[EventDate "2015.04.25"]
[EventType "swiss"]
[EventRounds "9"]
[EventCountry "ESP"]
[SourceTitle "EXT 2017"]
[Source "ChessBase"]
[SourceDate "2016.10.25"]
[SourceVersion "1"]
[SourceVersionDate "2016.10.25"]
[SourceQuality "1"]

1. e4 c6 2. f4 d5 3. exd5 cxd5 4. Nf3 Nf6 5. d4 Nc6 6. c3 Bg4 7. h3 Bxf3 8. Qxf3 e6 9. Bd3 Bd6 10. 0-0 0-0 11. Nd2 Qc7 12. Rf2 Rab8 13. Nf1 b5 14. a3 Na5 15. Ne3 Nb3 16. Rb1 a5 17. Ng4 1/2-1/2

[Event "Foment Martinenc op-B 15th"]
[Site "Barcelona"]
[Date "2013.05.25"]
[Round "6"]
[White "Campoy Prades, Marc"]
[Black "Esteban Bruguera, German"]
[Result "1/2-1/2"]
[WhiteElo "1751"]
[BlackElo "1983"]
[PlyCount "93"]
[EventDate "2013.04.20"]
[EventType "swiss"]
[EventRounds "9"]
[EventCountry "ESP"]
[SourceTitle "CBM 154 Extra"]
[Source "ChessBase"]
[SourceDate "2013.06.25"]
[SourceVersion "2"]
[SourceVersionDate "2013.06.25"]
[SourceQuality "1"]

1. e4 c5 2. Nf3 d6 3. d4 cxd4 4. Nxd4 Nf6 5. Nc3 a6 6. Bg5 h6 7. Bxf6 gxf6 8. Qd2 e6 9. 0-0-0 Nc6 10. Nb3 Qc7 11. f4 h5 12. Kb1 Bd7 13. Qe3 0-0-0 14. Be2 Kb8 15. Bf3 Na5 16. Nxa5 Qxa5 17. Rd3 Bc6 18. Ne2 Be7 19. Nd4 Rc8 20. Nxc6+ Rxc6 21. Rb3 Qc5 22. Qe2 Qc4 23. Rc1 Qxe2 24. Bxe2 Ka7 25. Rh3 h4 26. Bd3 Rcc8 27. Rf1 Rcg8 28. Rf2 Rg7 29. f5 e5 30. Kc1 Rg4 31. g3 Kb6 32. Rxh4 Rgxh4 33. gxh4 Rxh4 34. Kd2 Bf8 35. Rg2 Bh6+ 36. Kc3 Bg5 37. b4 Kc6 38. a4 Rh3 39. b5+ axb5 40. axb5+ Kc5 41. Kb2 b6 42. Bf1 Re3 43. Rg4 Re1 44. Bd3 Rh1 45. Rg2 d5 46. Kc3 d4+ 47. Kb3 1/2-1/2

[Event "Foment Martinenc op-B 15th"]
[Site "Barcelona"]
[Date "2013.04.27"]
[Round "2"]
[White "Agudo Martin, Francisco Javier"]
[Black "Campoy Prades, Marc"]
[Result "0-1"]
[WhiteElo "1612"]
[BlackElo "1751"]
[PlyCount "64"]
[EventDate "2013.04.20"]
[EventType "swiss"]
[EventRounds "9"]
[EventCountry "ESP"]
[SourceTitle "CBM 154 Extra"]
[Source "ChessBase"]
[SourceDate "2013.06.25"]
[SourceVersion "2"]
[SourceVersionDate "2013.06.25"]
[SourceQuality "1"]

1. e4 d5 2. exd5 Nf6 3. d4 Nxd5 4. Nf3 Nc6 5. c4 Nb6 6. Nc3 Bf5 7. a3 e6 8. Be3 Qd7 9. d5 Ne7 10. Ne5 Qd8 11. g4 Bg6 12. Qf3 exd5 13. Rd1 Nd7 14. Nxg6 Nxg6 15. cxd5 Bd6 16. Be2 0-0 17. Bd4 Qe7 18. Kf1 a6 19. Ne4 Nde5 20. Bxe5 Qxe5 21. Bd3 Qxb2 22. h4 Ne5 23. Qe3 Nxg4 24. Qf3 Nh2+ 25. Rxh2 Bxh2 26. Qh5 g6 27. Qf3 Be5 28. Ng5 Bd4 29. h5 Qxf2+ 30. Qxf2 Bxf2 31. Kxf2 Kg7 32. Kf3 Kh6 0-1